000
00263nam a2200109Ia 4500
008
230907s9999||||xx |||||||||||||| ||und||
082
_a
621.319,BUC
100
_a
Buchholz, Bernd M.,
_9
115118
245
0
_a
Smart grids :
300
_a
xx, 396 pages :
942
_c
BK
999
_c
597621
_d
597621